[Event "Kostroma Volga Cup op"]
[Site "Kostroma"]
[Date "2008.07.??"]
[Round "5"]
[White "Polonovsky, Grigory"]
[Black "Sidorov, Kirill"]
[Result "0-1"]
[WhiteElo "2141"]
[BlackElo "1977"]
[PlyCount "73"]
[EventDate "2008.07.??"]
[EventType "swiss"]
[EventRounds "9"]
[EventCountry "RUS"]
[SourceTitle "EXT 2009"]
[Source "ChessBase"]
[SourceDate "2008.11.26"]
[SourceVersion "1"]
[SourceVersionDate "2008.11.26"]
[SourceQuality "1"]

1. Nf3 f5 2. e4 fxe4 3. Ng5 Nf6 4. d3 d5 5. dxe4 h6 6. Nf3 dxe4 7. Qxd8+ Kxd8 8. Ne5 Be6 9. Na3 Nbd7 10. Ng6 Rg8 11. Bc4 Bxc4 12. Nxc4 e6 13. Bf4 Nd5 14. Bg3 b5 15. Nce5 Nxe5 16. Bxe5 Bd6 17. 0-0-0 Ke8 18. h4 h5 19. g4 hxg4 20. h5 Rd8 21. Rde1 Bxe5 22. Nxe5 Nf6 23. Reg1 Rd5 24. Nxg4 Rg5 25. Nxf6+ gxf6 26. Rxg5 Rxg5 27. h6 Rg8 28. Kd2 Kf7 29. Ke3 f5 30. h7 Rh8 31. Kf4 Kg6 32. Rg1+ Kxh7 33. Ke5 Rg8 34. Rh1+ Kg6 35. Kxe6 Re8+ 36. Kd5 f4 37. Kd4 0-1

[Event "RUS-ch sf"]
[Site "Sosnovy Bor"]
[Date "2002.??.??"]
[Round "3"]
[White "Karalkin, Maksim"]
[Black "Polonovsky, Grigory"]
[Result "1-0"]
[WhiteElo "2213"]
[BlackElo "2211"]
[PlyCount "143"]
[EventDate "2002.??.??"]
[EventType "swiss"]
[EventRounds "7"]
[EventCountry "RUS"]
[SourceTitle "EXT 2004"]
[Source "ChessBase"]
[SourceDate "2003.11.25"]
[SourceVersion "1"]
[SourceVersionDate "2003.11.25"]
[SourceQuality "1"]

1. e4 g6 2. d4 Bg7 3. Nc3 c6 4. Nf3 d6 5. Be2 Nf6 6. 0-0 0-0 7. Re1 Nbd7 8. e5 Ne8 9. Bf4 Nb6 10. Qd2 Bg4 11. Rad1 Bxf3 12. Bxf3 dxe5 13. dxe5 Qxd2 14. Rxd2 Nc7 15. b3 Ne6 16. Bg3 h5 17. h4 Bh6 18. Rd3 Rfd8 19. Red1 Rxd3 20. Rxd3 Kf8 21. a4 a5 22. Kf1 Ke8 23. Bh2 Rd8 24. Rxd8+ Kxd8 25. Bd1 Nd7 26. Ne4 b5 27. axb5 cxb5 28. Nc3 Nd4 29. f4 b4 30. Ne4 f5 31. Nd2 Nxe5 32. g3 Nec6 33. Nc4 Kc7 34. Bg1 Bg7 35. Ke1 e6 36. Kd2 Nb5 37. Bf3 Bc3+ 38. Kd3 Nd6 39. Bb6+ Kd7 40. Ne3 Be1 41. Nf1 Nb7 42. Ke2 Bc3 43. Kd3 e5 44. fxe5 Nxe5+ 45. Ke3 Nxf3 46. Kxf3 Kc6 47. Ba7 Nd8 48. Ne3 Ne6 49. Nc4 Kb5 50. Nd6+ Ka6 51. Be3 Bd4 52. Nc4 Bf6 53. Bf2 Nd8 54. Bb6 Nc6 55. Kf4 Kb5 56. Bc7 Nd4 57. Bxa5 Nxc2 58. Bc7 Nd4 59. Be5 Ne6+ 60. Kf3 Be7 61. Bb2 Kc5 62. Ne5 Nd4+ 63. Bxd4+ Kxd4 64. Nc6+ Kc3 65. Nxe7 Kxb3 66. Nd5 Kc4 67. Nxb4 Kxb4 68. Kf4 Kc5 69. Kg5 Kd5 70. Kxg6 Ke5 71. Kxh5 Kf6 72. Kh6 1-0

[Event "RUS-ch sf"]
[Site "Gatchina"]
[Date "2001.??.??"]
[Round "2"]
[White "Polonovsky, Grigory"]
[Black "Marinin, Viktor"]
[Result "0-1"]
[WhiteElo "2273"]
[BlackElo "2096"]
[PlyCount "80"]
[EventDate "2001.??.??"]
[EventType "swiss"]
[EventRounds "9"]
[EventCountry "RUS"]
[SourceTitle "EXT 2002"]
[Source "ChessBase"]
[SourceDate "2001.11.25"]
[SourceVersion "1"]
[SourceVersionDate "2001.11.25"]
[SourceQuality "1"]

1. Nf3 d5 2. b4 Bf5 3. e3 e6 4. Bb2 Nf6 5. a3 a5 6. b5 c5 7. Be2 Nbd7 8. Nh4 Bg6 9. f4 Ne4 10. Nf3 f6 11. 0-0 Be7 12. c4 Nb6 13. cxd5 exd5 14. Nh4 Qd7 15. a4 Bf7 16. Bg4 Be6 17. f5 Bf7 18. d3 Nd6 19. Nd2 0-0 20. Nb3 Rfc8 21. Bh5 c4 22. Nd4 cxd3 23. Bxf7+ Nxf7 24. Ne6 Rc4 25. Bd4 Bd6 26. Qh5 Nxa4 27. Rf3 d2 28. Rd1 Nc5 29. Bxf6 gxf6 30. Rxd2 Rc1+ 31. Rf1 Rxf1+ 32. Kxf1 Qxb5+ 33. Kg1 Qb1+ 34. Qd1 Qe4 35. Rd4 Qxe3+ 36. Kf1 Ne4 37. Qg4+ Nfg5 38. Qe2 Qxe2+ 39. Kxe2 Nxe6 40. fxe6 Re8 0-1